Statistiques concernant Lequel de ces albums s'est le plus vendu ?

Cliquez ici pour prendre le quiz!

Statistiques générales

  • Ce quiz a été pris 19 fois
  • Le résultat moyen est 4 sur 10

Statistiques - réponses

QuestionRéponse% Correct
Lequel de ces albums s'est le plus vendu ?Michael Jackson - HIStory
84%
Lequel de ces albums s'est le plus vendu ?Bob Marley And The Wailers - Legend
68%
Lequel de ces albums s'est le plus vendu ?Eminem - The Eminem Show
63%
Lequel de ces albums s'est le plus vendu ?Adele - 25
58%
Lequel de ces albums s'est le plus vendu ?Le Roi Lion OST
42%
Lequel de ces albums s'est le plus vendu ?Michael Jackson - Dangerous
37%
Lequel de ces albums s'est le plus vendu ?Michael Jackson - Off The Wall
21%
Lequel de ces albums s'est le plus vendu ?Les deux
16%
Lequel de ces albums s'est le plus vendu ?Les deux
5%
Lequel de ces albums a le plus de streams sur Audiomack ?Thisis - I Didn't Come Into This World With Tears
5%

Distribution des résultats

Percentile par nombre de réponses

% des personnes avec chaque résultat

Votre développement - résultats

Vous n’avez pas pris ce quiz